| 000 | 00442nam a22001697a 4500 | ||
|---|---|---|---|
| 003 | CEME | ||
| 005 | 20210628203610.0 | ||
| 008 | 210316b xxu||||| |||| 00| 0 eng d | ||
| 020 | _a3-540-18804-5 | ||
| 040 | _c. | ||
| 082 | _a620.104 NON'Z | ||
| 100 |
_aZiegler, F , Schueller, G. L _966471 |
||
| 245 | _aNonlinear stachastic dynamic engineering systems | ||
| 260 |
_aBERLIN _bSPRINGER VERLAG _c1988 |
||
| 300 | _a541P | ||
| 942 |
_cBK _2ddc |
||
| 999 |
_c574445 _d574445 |
||